000 00614nam a2200205 i 4500
001 60541
003 ES-MaACL
005 20250822063127.0
007 t|
008 031105s1957 sp ||||1| cat d
100 1 _aEspinàs, Josep M.,
_d1927-
_947850
245 1 2 _aL'homme de la guitarra /
_cJosep Mª Espinàs.
260 _aBarcelona :
_bAlberti,
_c[1957]
300 _a119 p. ;
_c16 cm.
490 1 _aNova col-lecció lletres ;
_v30
500 _aPort. de Ramón Rogent.
830 0 _aNova col-lecció lletres ;
_v30
_9181916
852 _aES-MaACL
_jC-17116
_bR.41049
999 _c60541
_d60541